00397 a2200121 4500020003300000082001600033100002300049245005500072260006300127300003400190650002700224650002400251 a0792307720 (acid free paper) a620.105 KAR0 aPisidhi Karasudhi. aFoundations of solid mechanics /cby P. Karasudhi. aDordrecht ;aBoston :bKluwer Academic Publishers,cc1991. axvi, 439 p. :bill. ;c25 cm. aStrength of materials. aMechanics, Applied.